000 00628nam a2200217 a 4500
001 21508
003 BD-RjUL
005 20211209000708.0
008 140304t1966 uk 000 0 eng d
035 _a(BD-RjUL)21572
040 _aDLC
_beng
_cDLC
_dBD-RjUL
041 _aeng
082 0 0 _a910
_218
_bSPL 1966
100 1 _aSpate, O. H. K.
_q(Oskar Hermann Khristian),
_d1911-2000
_966425
245 1 0 _aLet me enjoy :
_bessays, partly geographical /
_cO.H.K. Spate
260 _aLondon :
_bMethuen,
_c1966.
300 _a303 p. :
_bill. ;
_c23 cm
650 0 _aEssays
_966426
650 0 _aHuman geography
_966427
942 _2ddc
_cBK
999 _c21508
_d21508